| 000 | 00792nam a2200217Ii 4500 | ||
|---|---|---|---|
| 003 | JO-AjNU | ||
| 008 | 230605s9999||||xx |||||||||||||| ||und|| | ||
| 017 | _a2005/10/2410 | ||
| 040 |
_aJO-AjNU _bara _erda _cJO-AjNU |
||
| 041 | _aara | ||
| 050 | 1 | 4 | _aHF5387.N3564.2006 |
| 100 | 3 |
_aنجم،نجم عبود, _eauthor _928696 |
|
| 245 | 0 | 0 | _aاخلاقيات الادارة ومسؤولية الاعمال في شركات الاعمال |
| 250 | _aط1 | ||
| 264 | 3 | 1 | _aعمان:مؤسسة الوراق للنشر والتوزيع؛2006 |
| 300 |
_a465ص _bيحتوي على ببلوغرافية من ص456-465ص |
||
| 336 |
_atext _btxt _2rdacontent |
||
| 337 |
_aunmediated _bn _2rdamedia |
||
| 338 |
_avolume _bnc _2rdacarrier |
||
| 650 | 4 |
_aادارة الاعمال-الاخلاق _928697 |
|
| 999 |
_aA11162 _c14730 _d14730 |
||